[Event "Athens Panellinios op 7th"]
[Site "Athens"]
[Date "2013.01.14"]
[Round "1"]
[White "Deftereos, Pavlos Efstathios"]
[Black "Zografos, Panagiotis"]
[Result "1-0"]
[WhiteElo "1797"]
[BlackElo "1475"]
[PlyCount "49"]
[EventDate "2013.01.14"]
[EventType "swiss"]
[EventRounds "7"]
[EventCountry "GRE"]
[SourceTitle "EXT 2024"]
[Source "ChessBase"]
[SourceDate "2023.10.10"]
[SourceVersion "1"]
[SourceVersionDate "2023.10.10"]
[SourceQuality "1"]

1. e4 e5 2. Nf3 Nc6 3. Bb5 a6 4. Ba4 Nf6 5. 0-0 Bc5 6. c3 d6 7. d4 exd4 8. cxd4 Ba7 9. e5 Nd7 10. exd6 cxd6 11. Re1+ Ne7 12. Qe2 b5 13. Bb3 Bb7 14. Nh4 Rc8 15. Nf5 0-0 16. Nxe7+ Kh8 17. Nxc8 Qxc8 18. Be3 Nf6 19. Nd2 Bb8 20. Bg5 h6 21. Bxf6 gxf6 22. Qh5 Kh7 23. Bxf7 Rg8 24. Bxg8+ Qxg8 25. Re7+ 1-0

[Event "Aegean op 33rd"]
[Site "Aghios Kirykos"]
[Date "2010.07.16"]
[Round "5"]
[White "Deftereos, Pavlos Efstathios"]
[Black "Aftsoglou, Ioannis"]
[Result "0-1"]
[WhiteElo "1814"]
[BlackElo "2155"]
[PlyCount "120"]
[EventDate "2010.07.13"]
[EventType "swiss"]
[EventRounds "9"]
[EventCountry "GRE"]
[SourceTitle "CBM 137 Extra"]
[Source "ChessBase"]
[SourceDate "2010.09.01"]
[SourceVersion "1"]
[SourceVersionDate "2010.09.01"]
[SourceQuality "1"]

1. e4 e5 2. Nf3 Qe7 3. Bc4 d6 4. Nc3 c6 5. d4 h6 6. a4 a5 7. Be3 Qc7 8. Qd3 Be7 9. h3 Nd7 10. g4 Nf8 11. Nd2 Ng6 12. 0-0-0 Bd7 13. Rdf1 Bf6 14. Ne2 Bg5 15. Bb3 Nf6 16. f4 exf4 17. Bxf4 Nxf4 18. Nxf4 0-0 19. Qg3 Qb6 20. e5 dxe5 21. dxe5 Nd5 22. Bxd5 cxd5 23. h4 Bxf4 24. Rxf4 Rac8 25. g5 Qg6 26. c3 h5 27. Nf3 Qd3 28. Rd4 Rxc3+ 29. bxc3 Qxc3+ 30. Kd1 Bg4 31. Rxg4 hxg4 32. Ke2 gxf3+ 33. Qxf3 Qxe5+ 34. Qe3 Re8 35. Qxe5 Rxe5+ 36. Kf3 Re4 37. h5 Rxa4 38. g6 fxg6 39. hxg6 Kf8 40. Rc1 Rc4 41. Rb1 Rb4 42. Rc1 Ke7 43. Rc5 b6 44. Rxd5 Ke6 45. Rg5 Kf6 46. Rg1 Kf5 47. Ke3 Rg4 48. Rb1 Rxg6 49. Rb5+ Kg4 50. Ke4 Rf6 51. Rb1 g6 52. Ke5 Rf5+ 53. Ke4 b5 54. Rg1+ Kh5 55. Rh1+ Kg5 56. Rh8 a4 57. Kd3 Rf3+ 58. Kc2 Kg4 59. Rd8 g5 60. Rd4+ Kh5 0-1